| 000 | 01510nam a2200265 4500 | ||
|---|---|---|---|
| 001 | 113811 | ||
| 003 | DR-UNIBE | ||
| 005 | 20251015104408.0 | ||
| 008 | 250701b2016 dr ||||| |||| 00| 0 spa d | ||
| 040 |
_aBIBLIOTECA UNIBE _bspa _cBIBLIOTECA UNIBE _erda |
||
| 041 | _aspa | ||
| 082 |
_222 _aRD 371.26 R457e |
||
| 100 | 0 |
_aReyes Ramírez, Betty M _9196847 _eautor |
|
| 245 | 1 | 0 |
_aEstrategias, técnicas e instrumentos de evaluación de las competencias en el nivel primario : _bdirigido a maestras y maestros del nivel primario / _cBetty Reyes Ramírez |
| 260 |
_aSanto Domingo : _bMinisterio de Educación, (MINERD), _c2016 |
||
| 300 |
_a120 páginas : _bgráficas, fotos ; _c27 x 21 cm |
||
| 490 |
_a Evaluación de Competencias en la Educación Primaria ; _v2 |
||
| 505 | _aIntroducción | Primera partes: estrategias y técnicas de evaluación | Observación de los aprendizajes | Mapas Conceptuales | Portafolios | Diarios reflexivos de la clase | Debate | Entrevista | Intercambios orales | Ensayos | Estudios de casos | Segunda parte: instrumentos de evaluación | La rúbrica | Lista de cotejo | Escala de estimación | Pruebas escritas | Cuaderno | Referencias | ||
| 650 | 7 |
_2lemb _a Evaluación académica |
|
| 650 | 7 |
_2lemb _a Educación por competencias _9199798 |
|
| 650 | 7 |
_2lemb _aEducación primaria |
|
| 700 | 1 | 0 |
_aCeballos Díaz, Rita Ma. _9196846 _ecoordinador |
| 700 | 1 | 0 |
_aMontás D´Oleo, Bertha Marcily _9196779 _ediseñador _ediagramador |
| 942 |
_2ddc _cBK |
||
| 999 |
_c113811 _d113811 |
||